logo

Bir Sreshtho Munshi Abdur Rouf Library
Jhenaidah Cadet College

রচনাবলি / (Record no. 2097)

MARC details
000 -LEADER
fixed length control field 00712nam a22002057a 4500
003 - CONTROL NUMBER IDENTIFIER
JCCL marc code BD-JhCC
005 - DATE AND TIME OF LATEST TRANSACTION
control field 20240510093511.0
008 - FIXED-LENGTH DATA ELEMENTS--GENERAL INFORMATION
fixed length control field 171029s1383 ii |||| |||| 000 0 ben d
035 ## - SYSTEM CONTROL NUMBER
system control number (BD-JhCC)
040 ## - CATALOGING SOURCE
Original cataloging agency BD-JhCC
Modifying agency BD-JhCC
041 ## - LANGUAGE CODE
Language code of Book ben
082 ## - DEWEY DECIMAL CLASSIFICATION NUMBER
Classification number 891.4409
Author mark and Year ALI1382
100 ## - MAIN ENTRY--PERSONAL NAME
Personal name আলী, সৈয়দ মুজতবা
245 ## - TITLE STATEMENT
Title রচনাবলি /
Statement of responsibility, etc সৈয়দ মুজতবা আলী।
260 ## - PUBLICATION, DISTRIBUTION, ETC. (IMPRINT)
Place of publication, distribution, etc কলকাতা :
Name of publisher, distributor, etc মিত্র ও ঘোষ পাবলিশার্স প্রাই লিঃ ,
Date of publication, distribution, etc ১৩৮৩ .
300 ## - PHYSICAL DESCRIPTION
Pagination ৪২৯ পৃ. :
Dimensions ২২ সেমি.
650 ## - SUBJECT ADDED ENTRY--TOPICAL TERM
Topical term or geographic name as entry element Collection of Bengali Essays
942 ## - ADDED ENTRY ELEMENTS (KOHA)
Source of classification or shelving scheme Dewey Decimal Classification
Koha item type Books
Holdings
Source of classification or shelving scheme volume number Damaged status Not for loan Home library Current library Shelving location Date of accession Cost, normal purchase price Total Checkouts Full call number Barcode Date last seen Copy number Koha item type Method of acquisition Currency
Dewey Decimal Classification V-1     JCC Rouf Library JCC Rouf Library General Stacks 10/29/2017 20.00   891.4409 ALI1382 2418 10/29/2017 C-1 Books    
Dewey Decimal Classification V-2     JCC Rouf Library JCC Rouf Library General Stacks   430.00   891.4409 ALI 2017 19450 05/10/2024 C-1 Books Purchase BDT

JCC Library | Contacts | JCC Home

Last Update on 23 September 2017
Copyright @ 2017-2020 JCC Rouf Library
Rouf Library, Jhenidah Cadet College (JCC), Bangladesh